'P' Vocabulary (Hard) Quiz Stats

 Plays Quiz Updated Dec 3, 2016

Support Sporcle.
Go Orange.
Score 0/25 Timer 09:00
6 Plays Today
% Correct
pariah
89.4%
pontiff
88.3%
potable
85.7%
pilaf
85.4%
pundit
79.3%
pugilist
78.6%
penitent
77.4%
panacea
72.5%
palliative
71.2%
poutine
70.6%
proclivity
69.8%
prerogative
63.2%
portentous
60.3%
% Correct
pithy
58.8%
phloem
58.7%
propitious
57.9%
penurious
55.4%
perfidious
55%
precocial
53.7%
peccary
51.3%
polemic
46.8%
popliteal
41.4%
pollex
36.8%
puissant
30.7%
prolix
22.3%

You're not logged in!

Compare scores with friends on all Sporcle quizzes.
OR
Log In

From the Vault

Categorize the Colors

by Puzzgal

People who get to name colors have all the fun.
Remove Ads.
Support Sporcle.
Get the best of Sporcle when you Go Orange. This ad-free experience offers more features, more stats, and more fun while also helping to support Sporcle. Thank you for becoming a member.

Show Comments

Extras

Top Quizzes Today


Score Distribution

Your Account Isn't Verified!

In order to create a playlist on Sporcle, you need to verify the email address you used during registration. Go to your Sporcle Settings to finish the process.

Report this User

Report this user for behavior that violates our Community Guidelines.

Details: